Franz Mayer (Record no. 6962)

MARC details
000 -CABECERA
campo de control de longitud fija 00739nam a2200217 a 4500
001 - NÚMERO DE CONTROL
campo de control BRCA_7284
005 - FECHA Y HORA DE LA ÚLTIMA TRANSACCIÓN
campo de control 20190320205759.0
008 - DATOS DE LONGITUD FIJA--INFORMACIÓN GENERAL
campo de control de longitud fija 280212s2011----mx-a######---#000-0#spa-#
041 ## - CÓDIGO DE LENGUA
Código de lengua del texto/banda sonora o título independiente spa
044 ## - CÓDIGO DEL PAÍS DE LA ENTIDAD EDITORA/PRODUCTORA
Código MARC del país mx
050 #4 - SIGNATURA TOPOGRÁFICA DE LA BIBLIOTECA DEL CONGRESO
Número de clasificación N6554.M3
Número de documento/Ítem .K88 2011
100 1# - ENTRADA PRINCIPAL--NOMBRE DE PERSONA
Nombre de persona Kuthy Saenger, Martha Eugenia
9 (RLIN) 18026
245 10 - MENCIÓN DE TÍTULO
Título Franz Mayer
Resto del título construcción de una identidad cultural´.
260 ## - PUBLICACIÓN, DISTRIBUCIÓN, ETC.
Lugar de publicación, distribución, etc. Ciudad de México
Fecha de publicación, distribución, etc. 2011
300 ## - DESCRIPCIÓN FÍSICA
Extensión 56 p.
Otras características físicas il.
Dimensiones 24 cm.
500 ## - NOTA GENERAL
Nota general 2do. ejemplar en el Área de Investigación
502 ## - NOTA DE TESIS
Nota de tesis Artículo publicable (Maestra en Estudios de Arte) Universidad Iberoamericana
600 14 - PUNTO DE ACCESO ADICIONAL DE MATERIA--NOMBRE DE PERSONA
Nombre de persona Mayer, Franz
Fechas asociadas al nombre 1882-1975
Forma completa/desarrollada del nombre Franz Gabriel Mayer Traumann Altschuhl
Subdivisión general Colecciones de arte
9 (RLIN) 18027
902 ## - CATALOGADOR
Iniciales TES
942 ## - ELEMENTOS DE PUNTO DE ACCESO ADICIONAL (KOHA)
Fuente del sistema de clasificación o colocación Library of Congress Classification
Tipo de ítem Koha Tesis
Holdings
Estado de retiro Estado de pérdida Estado dañado No para préstamo Localización permanente Ubicación/localización actual Fecha de adquisición Total de préstamos Signatura topográfica completa Código de barras Fecha visto por última vez Precio válido a partir de Tipo de ítem Koha Código de colección
El ejemplar forma parte de la colección y puede ser consultado según las políticas vigentes.       Biblioteca del Museo Franz Mayer (Rogerio Casas-Alatriste) Biblioteca del Museo Franz Mayer (Rogerio Casas-Alatriste) 28/02/2012   N6554.M3 .K88 2011 TES00052 22/03/2019 22/03/2019 Tesis  
El ejemplar forma parte de la colección y puede ser consultado según las políticas vigentes.       Biblioteca del Museo Franz Mayer (Rogerio Casas-Alatriste) Biblioteca del Museo Franz Mayer (Rogerio Casas-Alatriste) 28/02/2012   N6554.M3 .K88 2011 TES00053 22/03/2019 22/03/2019 Tesis Tesis